| 000 | 00549nam a22002057a 4500 | ||
|---|---|---|---|
| 003 | DO-SdBNP | ||
| 005 | 20180117141756.0 | ||
| 008 | 151116b 1964 sp ||||| |||| 00| 0 spa d | ||
| 020 | _a9501356043 | ||
| 040 |
_aBPMSU _bspa _cBPMSU |
||
| 092 |
_axxxxx _bxxxxx |
||
| 100 | 1 |
_a Wallace, Lewis, _c1827-1905. |
|
| 245 | 1 | 0 |
_aBen Hur / _cLewis Wallace. |
| 260 |
_aBuenos Aires : _bKapelusz, _c1964. |
||
| 300 |
_a175 p. : _bil. ; _c21 cm. |
||
| 490 | 1 |
_a Iridium _v4 |
|
| 830 | 0 |
_aIridium ; _n4 |
|
| 942 |
_2ddc _cBK |
||
| 956 |
_aLOPEREZ _b10 _cBPMSU |
||
| 999 |
_c8726 _d8726 |
||